000 00945nam a2200229 a 4500
001 84301
003 BD-RjUL
005 20241118102618.0
008 241114s2022 bg ||||| |||| 00| 0 ben d
035 _a(BD-RjUL)84301
040 _aBD-RjUL
_beng
_cBD-RjUL
041 _aben
082 _223
_a784.095414
_bSUB 2022
100 _aসুমন, কবীর
_914257
245 _aবাংলা খেয়াল বন্দিশ ও স্বরলিপি /
_cকবীর সুমন
260 _aকলকাতা :
_bসপ্তর্ষি প্রকাশন,
_c২০২২
300 _aখণ্ড;
_c২০ সেমি.
505 0 1 _aপ্রথম পর্ব -- দ্বিতীয় পর্ব--
650 _aSongs, Bengali
_zIndia
_vHistory and criticism
_914258
650 _aগান, বাংলা
_zভারত
_vইতিহাস এবং সমালোচনা
_914259
942 _2ddc
_cBK
999 _c84301
_d84301